História da Música Clássica (Registo nº 2)

Detalhes MARC
000 -Etiqueta do registo
Cabeçalho 01096nam a2200313 4500
005 - Identificador da versão
Campo de controlo 20240813121751.0
010 ## - Número internacional normalizado dos livros (ISBN)
Número (ISBN) 9724411141
021 ## - Número do Depósito Legal
Código do país PT
Número 174906/02
035 ## - Other System Control Numbers
System Control Number 0000002
System Control Number 0000002
System Control Number 0000002
System Control Number 0000002
100 ## - Dados gerais de processamento
Dados gerais de processamento 20041026 m y0pory5003 ba
102 ## - Pais de publicação ou produção
País de publicação Portugal
101 0# - Língua de publicação
Língua do texto, banda sonora, etc. Português
Língua do documento no original Italiano
215 ## - Descrição física 
Indicação específica da natureza do documento e extensão da espécie 327 p.
200 1# - Titulo e menção de responsabilidade
Título próprio História da Música Clássica
Primeira menção de responsabilidade Guido Boffi
225 2# - Colecção 
Título próprio da colecção Convite à Música
Indicação de volume 7
205 ## - Menção da edição
Menção da edição
210 ## - Publicação, Distribuição, etc. 
Lugar da edição, distribuição, etc. Lisboa
Nome do editor, distribuidor, etc. Edições 70
Data da publicação, distribuição, etc. 1999
330 ## - Sumário ou Resumo
Texto da nota Pretendendo responder à exigência de consulta rápida e exaustiva, a presente obra propõe-se narrar de um modo sintético a história da música clássica, apresentando as suas etapas, os seus protagonistas, as suas formas, e pondo em evidência quer o quadro de conjunto, quer o cruzamento dos estilos, a afinidade, a vizinhança das linguagens.
304 ## - Notas relativas a título e menção de responsabilidade 
Texto da nota Tutto Musica - storia della musica classica
675 ## - Classificação Decimal Universal (CDU)
Notação 78.03
700 ## - Nome de autor-pessoa física (responsabilidade principal)
Número de registo de entrada de autoridade 0000004
Palavra de ordem Boffi
Outra parte do nome não tomada para palavra de ordem Guido
966 ## - Identificação da Biblioteca
Sigla NUMETECA
942 ## - Elementos de entrada adicionados (Koha)
Tipo de item no Koha Livro
Exemplares
Situação do levantamento Origin of item (home branch) (coded) Biblioteca de empréstimo Código de barras Cota Circulation type (not for loan) Tipo de documento Nota do exemplar Damaged status
  Biblioteca Escolar Eng. Nuno Mergulhão Biblioteca Escolar Eng. Nuno Mergulhão BENM589 78 BOF   Livro Sem mensagem